|
|
|
|
| LEADER |
01954nam a2200493 i 4500 |
| 001 |
EBC1876749 |
| 003 |
MiAaPQ |
| 005 |
20200520144314.0 |
| 006 |
m o d | |
| 007 |
cr cnu|||||||| |
| 008 |
150106t19871987enka o b 001 0 eng d |
| 020 |
|
|
|z 9780080333793
|
| 020 |
|
|
|a 9781483145259 (e-book)
|
| 035 |
|
|
|a (MiAaPQ)EBC1876749
|
| 035 |
|
|
|a (Au-PeEL)EBL1876749
|
| 035 |
|
|
|a (CaPaEBR)ebr10997187
|
| 035 |
|
|
|a (CaONFJC)MIL677938
|
| 035 |
|
|
|a (OCoLC)892068549
|
| 040 |
|
|
|a MiAaPQ
|b eng
|e rda
|e pn
|c MiAaPQ
|d MiAaPQ
|
| 050 |
|
4 |
|a LC65
|b .E255 1987
|
| 082 |
0 |
|
|a 338.4/737
|2 19
|
| 245 |
0 |
0 |
|a Economics of education :
|b research and studies /
|c edited by George Psacharopoulos.
|
| 250 |
|
|
|a First edition.
|
| 264 |
|
1 |
|a Oxford, England :
|b Pergamon Press,
|c 1987.
|
| 264 |
|
4 |
|c 1987
|
| 300 |
|
|
|a 1 online resource (499 pages) :
|b illustrations, tables.
|
| 336 |
|
|
|a text
|2 rdacontent
|
| 337 |
|
|
|a computer
|2 rdamedia
|
| 338 |
|
|
|a online resource
|2 rdacarrier
|
| 490 |
1 |
|
|a Advances in Education
|
| 504 |
|
|
|a Includes bibliographical references at the end of each chapters and indexes.
|
| 588 |
|
|
|a Description based on print version record.
|
| 590 |
|
|
|a Electronic reproduction. Ann Arbor, MI : ProQuest, 2015. Available via World Wide Web. Access may be limited to ProQuest affiliated libraries.
|
| 650 |
|
0 |
|a Education
|x Economic aspects.
|
| 650 |
|
0 |
|a Business and education.
|
| 650 |
|
0 |
|a Human capital.
|
| 650 |
|
0 |
|a Educational planning.
|
| 650 |
|
0 |
|a Income.
|
| 655 |
|
4 |
|a Electronic books.
|
| 700 |
1 |
|
|a Psacharopoulos, George,
|e editor.
|
| 776 |
0 |
8 |
|i Print version:
|t Economics of education : research and studies.
|b First edition.
|d Oxford, England : Pergamon Press, c1987
|h xvi, 482 pages
|k Advances in education.
|z 9780080333793
|w 86009498
|
| 797 |
2 |
|
|a ProQuest (Firm)
|
| 830 |
|
0 |
|a Advances in education.
|
| 856 |
4 |
0 |
|u https://ebookcentral.proquest.com/lib/matrademy/detail.action?docID=1876749
|z Click to View
|